000 00374nam a22001337a 4500
020 _a0-471-81986-7
082 _a621.812 BAL
100 _aBALIGA, B.JAYANT
_965909
245 _aMODERN POWER DEVICES
260 _aUSA
_bJOHN WILEY
_c1987
300 _a485P
650 _aPOWER TRANSISTORS POWER ELECTRONICS POWER SEMICONDUCTOR SEMICONDUCTOR RECTIFIERS
_965910
942 _cBK
999 _c573984
_d573984